00688nam a2200241 a 4500001001300000003000900013005001700022008004100039020000900080082001600089100002100105245003700126260002600163300000900189500003500198505001000233650003300243700002100276902000800297942000700305952011700312999001700429nice12345678IN_TiNIC20260116015252.0050524s1984 dela grp 000 0 urd  ac5000a297.64bSUH aSuha, Nabi Ahmed aAshaab-E-Rasool Aur Unke Karname aDelhibTaj Co.,c1984 a490p aincludes index and biblioraphy2 aIndex aMuhammad, Prophet-Companions1 aSuha, Nabi Ahmed bSRS cBK 001040708StackRoom-aHMIbHMId2011-08-24g50.00l0o297.64 SUHp11000094r2011-08-24v50.00w2005-05-24yBK c18999d18999